00899nam a2200181Ia 4500008004100000020001500041050002100056100003600077245014100113260003400254300001800288500008500306504002900391505023600420650001800656650002800674650001500702120720s1990 mx 000 0 spa d a9682431018 aQA331 bM46 1990 aMendoza Puente, Ramón eautor14aLas funciones matemáticas elementalesb : Trigonométricas, exponenciales, logarítmicas, hiperbólicasc / Ramón Mendoza Puente  aMéxico b : Trillasc, 1990 a218 páginas aIncluye: apéndices (pp. 195-207) Incluye: índice analítico (pp. 211-218) aBibliografía (pp. 209) aRelaciones y funciones Funciones trigonométricas o cíclicas Identidades trigonométricas Inversión de las funciones trigonométricas Triángulos Funciones exponenciales y funciones logarítmicas Funciones hiperbólicas  0aTRIGONOMETRIA 0aFUNCIONES EXPONENCIALES 0aLOGARITMOS